000 01903nam a2200349 i 4500
001 9930869886304761
005 20210213135526.0
008 190730t20192019enka sb 001 0 eng d
020 _a9781787356504
_qhardback
020 _a9781787356498
_qpaperback
020 _a9781787356481
_qPDF
020 _a9781787356511
_qepub
020 _a9781787356528
_qmobi
020 _a9781787356535
_qhtml
040 _aUkLUC
_beng
_erda
_cUkLUC
245 0 0 _aWorlds in miniature :
_bcontemplating miniaturisation in global material culture /
_cedited by Jack Davy and Charlotte Dixon.
264 1 _bUCL Press,
300 _a1 online resource (xiv, 191 pages)
500 _aThis book is published under a Creative Commons 4.0 International licence (CC BY 4.0).
504 _aIncludes bibliographical references and index.
505 0 _aWhat makes a miniature? -- Exmoor’s minilithic enigma -- Miniaturisation in early Egypt -- Miniaturisation among the Makah -- Interview with boat model-makers, Cliff Swallow and Pat Howard -- Miniaturising boats: the case of the Indian masula surf boat -- Composing Warao indigeneity and miniatures: A human-nonhuman working group -- A sense of scale: the miniaturisation of boats and maritime landscapes at the Science Museum London, 1925-1963 -- Interview with Henry Milner, architectural model maker -- Some thoughts on the measure of objects.
533 _aElectronic reproduction.
_bLondon :
_cUCL Press,
_d2019.
_nAvailable in PDF format.
_nDescription based on contents viewed 30 July 2019.
650 0 _aMaterial culture.
650 0 _aMiniature objects
_xSocial aspects.
700 1 _aDavy, Jack,
_eeditor.
700 1 _aDixon, Charlotte,
_eeditor.
856 4 0 _uhttps://doi.org/10.14324/111.9781787356481
999 _c27382
_d27382